Η ποιοτική διοίκηση και διαχείριση του ανθρώπινου δυναμικού στην εκπαίδευση : η εφαρμογή της διοίκησης ολικής ποιότητας σε ένα αποκεντρωτικό εκπαιδευτικό σύστημα : διπλωματική εργασία [μεταπτυχιακή εργασία]

Αποθηκεύτηκε σε:
Λεπτομέρειες βιβλιογραφικής εγγραφής
Κύριος συγγραφέας: Κουκώλη, Μαρία Ε.
Συγγραφή απο Οργανισμό/Αρχή: Πανεπιστήμιο Αιγαίου Σχολή Ανθρωπιστικών Επιστημών Τμήμα Επιστημών της Προσχολικής Αγωγής και του Εκπαιδευτικού Σχεδιασμού Πρόγραμμα Μεταπτυχιακών Σπουδών Μοντέλα Σχεδιασμού και Ανάπτυξης Εκπαιδευτικών Μονάδων
Άλλοι συγγραφείς: Κοντάκος, Αναστάσιος (Εισηγητής διατριβής)
Μορφή: Thesis Βιβλίο
Γλώσσα:Greek
Δημοσίευση: 2011
Θέματα:
Διαθέσιμο Online:http://hdl.handle.net/11610/14324
Ετικέτες: Προσθήκη ετικέτας
Δεν υπάρχουν, Καταχωρήστε ετικέτα πρώτοι!

MARC

LEADER 00000cam a2200000 i 4500
001 1/15009
008 110913s2011 gre d
035 |l 10110803 
040 |a GR-MY-UA  |b gre  |e aacr 
041 0 |a gre 
082 0 |a 371.2  |2 (22) 
100 1 |a Κουκώλη, Μαρία Ε. 
245 1 2 |a Η ποιοτική διοίκηση και διαχείριση του ανθρώπινου δυναμικού στην εκπαίδευση :  |b η εφαρμογή της διοίκησης ολικής ποιότητας σε ένα αποκεντρωτικό εκπαιδευτικό σύστημα : διπλωματική εργασία [μεταπτυχιακή εργασία] /  |c Μαρία Ε. Κουκώλη ; επιβλέπων: Αναστάσιος Κοντάκος 
260 |c 2011 
300 |a 143 σ.;  |c 30 εκ. 
500 |a Μέλη εξεταστικής επιτροπής: Χρήστος Σαϊτης, Περσεφόνη Φώκιαλη 
502 |a Διατριβή (μεταπτυχιακή) – Πανεπιστήμιο Αιγαίου, Ρόδος, 2011. 
504 |a Βιβλιογραφία: σ. 134-143 
650 0 0 |a School management and organization. 
650 0 0 |a Total quality management in education. 
650 0 0 |a Total quality control. 
650 0 0 |a Dissertations, Academic  |z Greece. 
700 1 |a Κοντάκος, Αναστάσιος.  |4 ths 
710 2 |a Πανεπιστήμιο Αιγαίου   |b Σχολή Ανθρωπιστικών Επιστημών   |b Τμήμα Επιστημών της Προσχολικής Αγωγής και του Εκπαιδευτικού Σχεδιασμού   |b Πρόγραμμα Μεταπτυχιακών Σπουδών Μοντέλα Σχεδιασμού και Ανάπτυξης Εκπαιδευτικών Μονάδων . 
852 |a INST  |b RHODES  |c DIATR  |e 20110913  |h 371.2 ΚΟΥ  |p 005400033109  |q 005400033109  |t MTXE  |y 23 
852 |a INST  |b RHODES  |c DIATR  |e 20110913  |h 371.2 ΚΟΥ  |p 005400033110  |q 005400033110  |t MTXE  |y 23 
856 |u http://hdl.handle.net/11610/14324 
901 |a BIBL4-2011-3 
909 |a Ρ  |b 164050 
909 |a Ρ  |b 164051 
924 |a ΚΟΥΚΩΛΗ  |b ΜΑΡΙΑ Ε.  |y ΡΟΔΟΣ  |z 2011-09 
970 |z 2010/05/